Brno. Prochádzka dějinami a architekturou města
Salvato in:
| Autori principali: | , |
|---|---|
| Natura: | Libro |
| Lingua: | ceco inglese |
| Pubblicazione: |
Brno :
Fotep,
2002
|
| Soggetti: | |
| Tags: |
Nessun Tag, puoi essere il primo ad aggiungerne!!
|
MARC
| LEADER | 00000nam a22000003a 4500 | ||
|---|---|---|---|
| 001 | stu276681 | ||
| 005 | 20150617230244.1 | ||
| 008 | 131023s2002------------------------cze-d | ||
| 020 | |a 80-902921-3-5 | ||
| 040 | |a STU |b slo | ||
| 041 | 0 | |a cze |a eng | |
| 100 | 1 | |a Teplý, Libor |4 aut | |
| 245 | 1 | |a Brno. Prochádzka dějinami a architekturou města | |
| 260 | |a Brno : |b Fotep, |c 2002 | ||
| 300 | |a 127 s | ||
| 650 | 7 | |a Brno |2 stusub | |
| 650 | 7 | |a ostatné mestá |2 stusub | |
| 650 | 7 | |a architektúra česká |2 stusub | |
| 650 | 7 | |a história Brna |2 stusub | |
| 700 | 1 | |a Pernes, Jiří |4 aut | |
| 996 | |b 284AU05945 |c A*8771 U |l AAKNAR |s A |a 24 |w stu276681_0001 | ||